000 00521nam a2200217Ia 4500
003 OSt
005 20221005122552.0
006 a|||||r|||| 00| 0
007 ta
008 221004b |||||||| |||| 00| 0 fre d
024 _a53404
037 _cTextual
040 _aCRL
_cCRL
_bfre
041 _2fre
_afre
082 _aO122,3M40,22, 32K5
100 _aZola
_9632189
245 0 _aKalamkam
260 _c1965
942 _hO122,3M40,22, 32K5
_cTEXL
_2cc
999 _c1044668
_d1044668